Available copies
- 1 of 1 copy available at LARL/NWRL Consortium.
Current holds
0 current holds with 1 total copy.
Show Only Available Copies
| Location | Call Number / Copy Notes | Barcode | Shelving Location | Status | Due Date |
|---|---|---|---|---|---|
| Roseau Public Library | BEA (Text) | 35500005703085 | Main | Available | - |
Record details
- ISBN: 9780316072830 (hardback)
- Physical Description: pages cm
- Edition: First edition.
- Publisher: New York, NY : Orbit, 2014.
Content descriptions
| Summary, etc.: | "AN EPIC INTERSTELLAR TALE OF WAR FROM A MASTER OF ... Read More |
Search for related items by subject
| Subject: | Imaginary wars and battles > Fiction. FICTION / Science Fiction / Space Opera. FICTION / Action & Adventure. FICTION / Science Fiction / Military. FICTION / Suspense. |
| Genre: | Science fiction |
Search for related items by series
| LDR | 02313cam a22004218i 4500 | ||
|---|---|---|---|
| 001 | 193122 | ||
| 003 | LARL_NWRL_CONSORTIUM | ||
| 005 | 20151029162625.0 | ||
| 008 | 140506s2014 nyu 000 1 eng | ||
| 020 | . | ‡a9780316072830 (hardback) | |
| 020 | . | ‡z9780316335768 (ebook) | |
| 020 | . | ‡z9781478982760 (audio download) | |
| 042 | . | ‡apcc | |
| 082 | 0 | 0. | ‡a813/.54 ‡223 |
| 084 | . | ‡aFIC028030 ‡aFIC002000 ‡aFIC028050 ‡aFIC030000 ‡2bisacsh | |
| 100 | 1 | . | ‡aBear, Greg, ‡d1951- ‡0(LARL_NWRL_CONSORTIUM)73424 |
| 245 | 1 | 0. | ‡aWar dogs ‡n#1 / ‡cGreg Bear. |
| 250 | . | ‡aFirst edition. | |
| 264 | 1. | ‡aNew York, NY : ‡bOrbit, ‡c2014. | |
| 300 | . | ‡apages cm | |
| 336 | . | ‡atext ‡2rdacontent | |
| 337 | . | ‡aunmediated ‡2rdamedia | |
| 338 | . | ‡avolume ‡2rdacarrier | |
| 490 | 0 | . | ‡aWar dogs ; ‡v1 |
| 490 | 0 | . | ‡aAres rising ; ‡v1 |
| 520 | . | ‡a"AN EPIC INTERSTELLAR TALE OF WAR FROM A MASTER OF SCIENCE FICTION. They came in peace, bearing gifts. The Gurus were a highly advanced species who brought amazingly useful and sophisticated technology to the human race. There was, of course, a catch. They warned of a far more malevolent life form, beings who have hounded the Gurus across the cosmos. The media have taken to calling them the Antagonists -- or Antags -- and they have already established a beachhead on Mars. For all they've done for us, the Gurus now need our help. Enter Master Sergeant Michael Venn, a veteran Skyrine who is dropped onto the Red Planet with his band of brothers on a mission to turn back the Antag tide. But the Skyrines will face impossible odds just to survive -- let alone make it home alive. "-- ‡cProvided by publisher. | |
| 650 | 0. | ‡aImaginary wars and battles ‡vFiction. ‡0(LARL_NWRL_CONSORTIUM)165215 | |
| 650 | 7. | ‡aFICTION / Science Fiction / Space Opera. ‡2bisacsh | |
| 650 | 7. | ‡aFICTION / Action & Adventure. ‡2bisacsh | |
| 650 | 7. | ‡aFICTION / Science Fiction / Military. ‡2bisacsh | |
| 650 | 7. | ‡aFICTION / Suspense. ‡2bisacsh | |
| 655 | 7. | ‡aScience fiction ‡2gsafd | |
| 901 | . | ‡a193122 ‡b ‡c193122 ‡tbiblio | |

Add to basket
Permalink
Disable Highlighting